Bilecik Bilecik Bilecik Bilecik Bilecik

Yabancılar için Türkçe : (Record no. 47954)

MARC details
000 -BAŞLIK
Sabit Uzunluktaki Kontrol Alanı 03688nam a22003857a 4500
001 - KONTROL NUMARASI
Control Dosyası 0048114
003 - KONTROL NUMARASI KİMLİĞİ
Kontrol Alanı KOHA_MİRAKIL
005 - EN SON İŞLEM TARİHİ ve ZAMANI
Kontrol Alanı 20260207003609.0
007 - FİZİKSEL TANIM SABİT ALAN - GENEL BİLGİ
Sabit uzunluklu kontrol alanı ta
008 - SABİT UZUNLUKTAKİ VERİ ÖGELERİ - GENEL BİLGİ
Sabit Alan 150421b2009 tu |||gr||||#||||1|tur |
020 ## - ISBN - ULUSLARARASI STANDART KİTAP NUMARASI
Isbn 9789754838343
040 ## - KATALOGLAMA KAYNAĞI
Özgün Kataloglama Kurumu TR-BiSEU
Kataloglama Dili tur
Çeviri Kurumu TR-BiSEU
Açıklama Kuralları rda
041 0# - DİL KODU
Metin ya da ses kaydının dil kodu tur
044 ## - YAYINLAYAN/ÜRETEN KURULUŞUN ÜLKE KODU
ISO country code tu
050 ## - SINIFLAMA ve YER NUMARASI
Sınıflama Numarası PL127.3
Yer Numarası .T87 2009
100 1# - KİŞİ ADI
Yazar Adı (Kişi adı) Türkmen, Fidan.
245 1# - ESER ADI BİLDİRİMİ
Başlık Yabancılar için Türkçe :
Alt Eseradı vb. Dilbilgisi/
Sorumluluk Bildirimi Fidan Türkmen ; Fidan Türkmen.
264 #1 - ÜRERİM, YAYIN, DAĞITIM ve TELİF BİLDİRİMİ
Yayın yeri İzmir :
Yayınlayan Ege Üniversitesi
Yayın tarihi 2009
300 ## - FİZİKSEL TANIMLAMA
Sayfa, Cilt vb. v.: 223 sayfa ;25 cm.
336 ## - İÇERİK TÜRÜ
Content type term metin
Content type code txt
Source rdacontent
337 ## - MEDYA TÜRÜ
Media type term aracısız
Media type code n
Source rdamedia
338 ## - TAŞIYICI TÜRÜ
Carrier type term cilt
Carrier type code nc
Source rdacarrier
490 1# - DİZİ BİLDİRİMİ
Dizi Bildirimi Ege Üniversitesi Yayınları.
490 1# - DİZİ BİLDİRİMİ
Dizi Bildirimi Türk Dünyası Araştırmaları Enstitüsü Yayın no.
490 1# - DİZİ BİLDİRİMİ
Dizi Bildirimi ;
Cilt Numarası 3.
505 ## - İÇİNDEKİLER NOTU
İçindekiler Notu BİRLEŞİK ZAMAN 1 HİKÂYE BİRLEŞİK ZAMANI 1 1. -di'li Geçmiş Zamanın Hikâyesi 2 2. -miş'li Geçmiş Zamanın Hikâyesi 3 3. Şimdiki Zamanın Hikâyesi 5 4. Geniş Zamanın Hikâyesi 7 5. Gelecek Zamanın Hikâyesi 9 6. Gereklilik Kipinin Hikâyesi 12 7. İstek Kipinin Hikâyesi 14 8. Dilek-Şartın Hikâyesi 16 Varsayıma (Faraziyeye) Dayanan Şart Cümleleri 18 ALIŞTIRMALAR 1 20 ALIŞTIRMALAR 2 23 ALIŞTIRMALAR 3 25 ALIŞTIRMALAR 4 27 II. RİVAYET BİRLEŞİK ZAMANI 29 1. -miş'li Geçmiş Zamanın Rivayeti 29 2. Şimdiki Zamanın Rivayeti 31 3. Geniş Zamanın Rivayeti 34 4. Gelecek Zamanın Rivayeti 36 5. Gereklilik Kipinin Rivayeti 39 6. İstek Kipinin Rivayeti 41 7. Dilek-Şart Kipinin Rivayeti 42III. ŞART BİRLEŞİK ZAMANI 44 1. -di'li Geçmiş Zamanın Şartı 44 2. -miş'li Geçmiş Zamanın Şartı 47 3. Şimdiki Zamanın Şartı 49 4. Geniş Zamanın Şartı 51 5. Gelecek Zamanın Şartı 55 6. Gereklilik Kipinin Şartı 57 Çekimli Fiillerde Olumsuzluk 58 ALIŞTIRMALAR 1 61 ALIŞTIRMALAR 2 65 ALIŞTIRMALAR 3 67 ALIŞTIRMALAR 4 69 ALIŞTIRMALAR 5 71 ALIŞTIRMALAR 6 74 ALIŞTIRMALAR 7 77 ALIŞTIRMALAR 8 81 ALIŞTIRMALAR 9 85 ALIŞTIRMALAR 10 89 BİRLEŞİK FİİLLER 93 1. İki Fiille Yapılmış Olan Birleşik Fiiller 94 1. Yeterlik Fiili 94 ALIŞTIRMALAR 1 99 ALIŞTIRMALAR 2 102 ALIŞTIRMALAR 3 105 2. Tezlik Fiili 110 3. Sürerlik Fiili 114 4. Yaklaşma Fiili 119 KISTIRMALARI AL,ŞTIRMALAR2 124 ALIŞTIRMALAR 3 128 Özel Kullanımı Olan Birleşik Fuller 132 1. Beklenmezlik Fiili 132 2. Gereksinme Fiili 133 3. Yapmacık Fiili 133 II. Yardımcı Fiille Yapılan Birleşik Fiiller 136 1. isim+yardımcı fiil "et-, ol-, yap-, bul-, bulun-, kıl-, eyle-".. 136 2. "-miş, -r, -mez, -(y)ecek, -yor ol-" 143 ALIŞTIRMALAR 150 III. Anlamca Kaynaşmış ya da Deyimleşmiş Birleşik Fiiller 152 ALIŞTIRMALAR 1 155 ALIŞTIRMALAR 2 156 ALIŞTIRMALAR 3 158 ALIŞTIRMALAR 4 160 FİİL ÇATISI 161 I. NESNEYE GÖRE ÇATI 162 1. GEÇİŞLİ FİİLLER 162 2. GEÇİŞSİZ FİİLLER 162 3. OLDURGAN FİİLLER 163 FAKTİTİF EKLERİ (Oldurma ve Yaptırma Ekleri) 164 II. ÖZNEYE GÖRE ÇATI 167 1. ETKEN FİİLLER 167 2. ETTİRGEN FİİLLER 167 ALIŞTIRMALAR 1703. EDİLGEN FİİLLER 174 ALIŞTIRMALAR 179 4. DÖNÜŞLÜ FİİLLER 185 ALIŞTIRMALAR 188 5. İŞTEŞ FİİLLER 194 KATMERLİ ÇATI 199 ALIŞTIRMALAR 1 201 ALIŞTIRMALAR 2 206 ALIŞTIRMALAR 3 209 ALIŞTIRMALAR 4 212 ALIŞTIRMALAR 5 218
650 #0 - KONU BAŞLIĞI EK GİRİŞ - KONU TERİMİ
Konusal terim veya coğrafi ad Turkish language--Textbooks for foreign speakers.
9 (RLIN) 88405
650 #0 - KONU BAŞLIĞI EK GİRİŞ - KONU TERİMİ
Konusal terim veya coğrafi ad Grammar--Turkish.
9 (RLIN) 88406
650 #0 - KONU BAŞLIĞI EK GİRİŞ - KONU TERİMİ
Konusal terim veya coğrafi ad Türk Dili--Yabancılar için ders kitapları.
9 (RLIN) 88407
650 #0 - KONU BAŞLIĞI EK GİRİŞ - KONU TERİMİ
Konusal terim veya coğrafi ad Gramer--Türkçe.
9 (RLIN) 88408
830 1# - SERİ EK GİRİŞİ - TEKBİÇİM ESER ADI
Tekbiçim Başlık Ege Üniversitesi Yayınları.
9 (RLIN) 27338
830 1# - SERİ EK GİRİŞİ - TEKBİÇİM ESER ADI
Tekbiçim Başlık Türk Dünyası Araştırmaları Enstitüsü Yayın no.
9 (RLIN) 88409
830 1# - SERİ EK GİRİŞİ - TEKBİÇİM ESER ADI
Tekbiçim Başlık ;
Volume number/sequential designation 3.
9 (RLIN) 1620
942 ## - EK GİRİŞ ÖGELERİ (KOHA)
Source of classification or shelving scheme Library of Congress Classification
Koha item type Book
Holdings
Materyal Türü Kalıcı Konum Mevcut Konum Raf Yeri Sınıflandırma Kaynağı Edinim Bilgisi Ana Konular Alt Konular Yer Numarası Demirbaş Numarası Fatura Tarihi Geri Çekilme Durumu Kayıp Durumu Hasarlı Durumu Kredi için değil Kayıt Tarih Toplam Ödünçverme Son Görülme Tarihi Son Kontrol Tarihi Genel / Bağış Notu
Book Prof. Dr. Azmi Özcan Kütüphanesi Prof. Dr. Azmi Özcan Kütüphanesi Birûni Salonu Library of Congress Classification Bağış DİL VE EDEBİYAT Doğu Asya, Afrika, Okyanusya Dilleri ve Edebiyatları PL127.3 .T87 2009 0048114 02/02/2026         21/04/2015 4 05/12/2024 05/12/2024 Ege Üniversitesi